Word Ladder: Criss and Frehley's Band Quiz Stats

 Plays Quiz Updated Jun 16, 2015

Challenge
Share
Tweet
Embed
Score 0/21 Timer 03:00
2 Plays Today
Hint 4-Letter Word % Correct
Breathe quickly, like a dogPANT
97.1%
Window sectionPANE
94.7%
★ Band member ____ Simmons ☆★GENE☆
93.1%
★ Smooch (or the Band) ☆★KISS☆
92.7%
An upstanding mannered fellowGENT
91.3%
Confined or repressedPENT
89.4%
'…why ____ thou forsaken me?'HAST
88.3%
Tuna brand: Star___KIST
87.3%
HS subj.HIST.
84.7%
____-a-bracBRIC
81.9%
Tick (off)PISS
79.6%
Hint 4-Letter Word % Correct
WanPALE
78.6%
☆ Band member ____ Stanley ★☆PAUL★
77.3%
CarryHAUL
74.8%
Coffin coverPALL
74.7%
High, in the French Alps?HAUT
70.9%
Jewish ritualBRIS
69.7%
PrejudiceBIAS
69.6%
They're uplifting?BRAS
66.6%
Zadora and Lindstrom, e.g.PIAS
65.6%
☆ Band members ___ Singer or Carr ★☆ERIC★
60.8%

Today's Daily Dose

You're not logged in!

Compare scores with friends on all Sporcle quizzes.
Join for Free
OR
Log In

You Might Also Like...

Show Comments

Extras

Top Quizzes Today


Score Distribution

Your Account Isn't Verified!

In order to create a playlist on Sporcle, you need to verify the email address you used during registration. Go to your Sporcle Settings to finish the process.

Report this User

Report this user for behavior that violates our Community Guidelines.

Details: